Elements of mechanical engineering (Record no. 71545)

000 -LEADER
fixed length control field 00517nam a22001937a 4500
003 - CONTROL NUMBER IDENTIFIER
control field NUST - PNEC
005 - DATE AND TIME OF LATEST TRANSACTION
control field 20170116181203.0
008 - FIXED-LENGTH DATA ELEMENTS--GENERAL INFORMATION
fixed length control field 160220b xxu||||| |||| 00| 0 eng d
020 ## - INTERNATIONAL STANDARD BOOK NUMBER
International Standard Book Number 9788131802229
040 ## - CATALOGING SOURCE
Transcribing agency LIBRARY
082 ## - DEWEY DECIMAL CLASSIFICATION NUMBER
Classification number 621 RAJ
100 ## - MAIN ENTRY--PERSONAL NAME
9 (RLIN) 16546
Personal name Rajput, R.K.
245 ## - TITLE STATEMENT
Title Elements of mechanical engineering
Statement of responsibility, etc. R.K. Rajput
250 ## - EDITION STATEMENT
Edition statement 7th ed.
260 ## - PUBLICATION, DISTRIBUTION, ETC.
Place of publication, distribution, etc. New Delhi:
Name of publisher, distributor, etc. Laxmi Publications;
Date of publication, distribution, etc. c2014
300 ## - PHYSICAL DESCRIPTION
Extent 513 pages
648 ## - SUBJECT ADDED ENTRY--CHRONOLOGICAL TERM
9 (RLIN) 16547
Chronological term Manufacturing process
General subdivision ME
942 ## - ADDED ENTRY ELEMENTS (KOHA)
Source of classification or shelving scheme
Koha item type Book
Holdings
Withdrawn status Lost status Source of classification or shelving scheme Materials specified (bound volume or other part) Damaged status Not for loan Permanent Location Current Location Shelving location Date acquired Source of acquisition Cost, normal purchase price Total Checkouts Full call number Barcode Date last seen Date last checked out Cost, replacement price Price effective from Koha item type
      Paperback     Pakistan Navy Engineering College (PNEC) Pakistan Navy Engineering College (PNEC)   12/07/2015 Siddiqui Enterprises/Refrence grant 561.00 1 621 RAJ PNECLIB-032408 09/29/2016 09/29/2016 561.00 12/07/2015 Book
© 2023 Central Library, National University of Sciences and Technology. All Rights Reserved.